000 00939cam a22001934a 4500
005 20250605163959.0
008 250528s ||||||||||||||||||||||||d
035 _a15557
020 _a7112554
040 _aGR-AtMCL
_bgre
_dGR-AtMCL
_eAACR2
245 1 _aComputer Architecture and Logic Design / International Edition
260 _bMcgraw Hill Book Company,
_c1991
300 _a628
520 _aThe book explains the latest developments in the field, including programmable logic devices, ASICs, Cache Memory, Virtual Memory, RISCs, and Pipelines. Preface, Computer Operation, Number Systems, Boolean Algebra and Gate Networks, Logic design, The Arithmetic-Logic Unit, The Memory Element, Input/ Output Devices, Buses and Interfaces, The Control Unit, Computer Architecture, Selected Architectures, Digital Circuits, Bibliography, Index.
700 1 _aBartee Thomas C.
_91509
942 _cBK
999 _c1128
_d1128